[Event "Rio Gallegos op"]
[Site "Rio Gallegos"]
[Date "2018.09.15"]
[Round "4.4"]
[White "Naguil, Jorge"]
[Black "Garrido, Jose Ramon"]
[Result "1/2-1/2"]
[WhiteElo "2027"]
[BlackElo "1973"]
[PlyCount "134"]
[EventDate "2018.09.07"]
[EventType "swiss"]
[EventRounds "6"]
[EventCountry "ARG"]
[SourceTitle "EXT 2024"]
[Source "ChessBase"]
[SourceDate "2023.10.10"]
[SourceVersion "1"]
[SourceVersionDate "2023.10.10"]
[SourceQuality "1"]

1. e4 c5 2. Nf3 Nc6 3. d4 cxd4 4. Nxd4 e6 5. Be2 d6 6. 0-0 Be7 7. Nc3 Nf6 8. Be3 0-0 9. Nb3 a6 10. a4 Bd7 11. a5 Ne8 12. f4 f5 13. Nd4 Nxd4 14. Bxd4 Bc6 15. exf5 exf5 16. Bf3 Nf6 17. Bb6 Qd7 18. Nd5 Bd8 19. c4 Nxd5 20. Bxd5+ Kh8 21. Qd3 Bxb6+ 22. axb6 Qd8 23. Bxc6 Qxb6+ 24. Kh1 Qxc6 25. Ra5 Rad8 26. Rd5 b6 27. h3 h6 28. b3 g6 29. Rd1 Rf7 30. Rxd6 Rxd6 31. Qxd6 Rc7 32. Qe5+ Kh7 33. Rd8 Rg7 34. h4 Qe4 35. Qxe4 fxe4 36. Re8 g5 37. hxg5 hxg5 38. fxg5 Rxg5 39. Rxe4 b5 40. cxb5 axb5 41. b4 Kg6 42. Kg1 Kf5 43. Rd4 Ke5 44. Rh4 Kd5 45. Kf2 Rf5+ 46. Ke3 Rg5 47. Rd4+ Ke5 48. g4 Ke6 49. Kf4 Rg7 50. Re4+ Kd5 51. g5 Rxg5 52. Kf3 Rg3+ 53. Kxg3 Kxe4 54. Kf2 Kd4 55. Ke2 Kc3 56. Kd1 Kxb4 57. Kc2 Kc4 58. Kb2 b4 59. Kc2 b3+ 60. Kb2 Kb4 61. Kb1 Kc3 62. Kc1 Kd3 63. Kb1 Kc3 64. Kc1 Kb4 65. Kb1 Ka3 66. Ka1 Ka4 67. Kb1 Kb4 1/2-1/2

[Event "Rio Gallegos op"]
[Site "Rio Gallegos"]
[Date "2018.09.07"]
[Round "1.2"]
[White "Bazzano, Sebastian"]
[Black "Naguil, Jorge"]
[Result "1/2-1/2"]
[WhiteElo "2280"]
[BlackElo "2027"]
[PlyCount "79"]
[EventDate "2018.09.07"]
[EventType "swiss"]
[EventRounds "6"]
[EventCountry "ARG"]
[SourceTitle "EXT 2024"]
[Source "ChessBase"]
[SourceDate "2023.10.10"]
[SourceVersion "1"]
[SourceVersionDate "2023.10.10"]
[SourceQuality "1"]

1. d4 Nf6 2. c4 g6 3. Nc3 Bg7 4. e4 d6 5. Nf3 0-0 6. Be2 c5 7. 0-0 cxd4 8. Nxd4 Nc6 9. Nc2 a6 10. Ne3 Bd7 11. Ned5 Rc8 12. Be3 Nxd5 13. Nxd5 Ne5 14. Rc1 Be6 15. Qb3 Bxd5 16. exd5 Qd7 17. h3 f5 18. f4 Nf7 19. Bf3 b5 20. c5 dxc5 21. Rxc5 Rxc5 22. Bxc5 Rc8 23. Qe3 Nd6 24. b4 Rc7 25. Rd1 Kf8 26. Qe6 Qc8 27. Bxd6 exd6 28. Qxd6+ Kg8 29. Qe6+ Qxe6 30. dxe6 Kf8 31. Rd6 Ra7 32. Rc6 Ke7 33. Bd5 Bb2 34. g4 Ba3 35. Kg2 Bxb4 36. Kg3 Bd6 37. Kf3 a5 38. Rc8 Rc7 39. Rxc7+ Bxc7 40. Bc6 1/2-1/2